[Event "36th European Club Cup 2021"]
[Site "Struga"]
[Date "2021.09.18"]
[Round "1.40"]
[White "Asllani, Muhamet"]
[Black "Postny, Evgeny"]
[Result "1/2-1/2"]
[WhiteElo "2225"]
[BlackElo "2564"]
[Annotator "ChessBase"]
[PlyCount "92"]
[EventDate "2021.09.18"]
[EventType "team-tourn"]
[EventCountry "MKD"]
[SourceTitle "playchess.com"]
[Source "ChessBase"]
[SourceQuality "1"]
[TimeControl "40/5400+30:1800+30"]

1. e4 {[%emt 0:00:20]} c6 {[%emt 0:00:07]} 2. d4 {[%emt 0:00:42]} d5 {[%emt 0:
00:05]} 3. exd5 {[%emt 0:00:13]} cxd5 {[%emt 0:00:04]} 4. Bd3 {[%emt 0:00:28]}
Nf6 {[%emt 0:00:06]} 5. c3 {[%emt 0:00:12]} Bg4 {[%emt 0:00:13]} 6. Nf3 {
[%emt 0:00:30]} e6 {[%emt 0:01:14]} 7. h3 {[%emt 0:00:17]} Bh5 {[%emt 0:00:18]}
8. O-O {[%emt 0:05:38]} Bd6 {[%emt 0:00:13]} 9. Bg5 {[%emt 0:02:46]} Nbd7 {
[%emt 0:01:41]} 10. Nbd2 {[%emt 0:00:21]} Qc7 {[%emt 0:03:43]} 11. Qa4 {
[%emt 0:06:03]} O-O {[%emt 0:08:33]} 12. Rfe1 {[%emt 0:06:10]} Bg6 {[%emt 0:02:
27]} 13. Qc2 {[%emt 0:02:58]} b5 {[%emt 0:03:11]} 14. Bxf6 {[%emt 0:01:55]}
Nxf6 {[%emt 0:00:28]} 15. Bxg6 {[%emt 0:00:31]} hxg6 {[%emt 0:00:05]} 16. Qd3 {
[%emt 0:00:11]} Rfc8 {[%emt 0:03:00]} 17. Rac1 {[%emt 0:01:12]} a5 {[%emt 0:06:
47]} 18. Ne5 {[%emt 0:09:02]} Bxe5 {[%emt 0:02:05]} 19. dxe5 {[%emt 0:01:42]}
Nd7 {[%emt 0:00:09]} 20. Qg3 {[%emt 0:00:06]} Nc5 {[%emt 0:05:50]} 21. Re3 {
[%emt 0:02:41]} Qd8 {[%emt 0:08:24]} 22. Rd1 {[%emt 0:01:15]} d4 {[%emt 0:02:
01]} 23. Nf3 {[%emt 0:02:49]} dxe3 {[%emt 0:07:55]} 24. Rxd8+ {[%emt 0:00:10]}
Rxd8 {[%emt 0:00:05]} 25. fxe3 {[%emt 0:00:14]} Rd1+ {[%emt 0:17:22]} 26. Kh2 {
[%emt 0:00:12]} Rf1 {[%emt 0:00:14]} 27. Qh4 {[%emt 0:02:05]} Nd7 {[%emt 0:02:
30]} 28. Qe4 {[%emt 0:00:08]} Ra7 {[%emt 0:02:25]} 29. Nd4 {[%emt 0:00:08]} Nf8
{[%emt 0:03:32]} 30. Nxb5 {[%emt 0:00:32]} Rd7 {[%emt 0:00:18]} 31. Nd6 {
[%emt 0:00:56]} Rf2 {[%emt 0:00:28]} 32. b4 {[%emt 0:01:52]} axb4 {[%emt 0:01:
06]} 33. cxb4 {[%emt 0:00:08]} Ra7 {[%emt 0:00:50]} 34. b5 {[%emt 0:01:48]}
Raxa2 {[%emt 0:00:08]} 35. b6 {[%emt 0:00:17]} Nd7 {[%emt 0:02:41]} 36. b7 {
[%emt 0:00:29]} Rxg2+ {[%emt 0:12:40]} 37. Qxg2 {[%emt 0:00:15]} Rxg2+ {
[%emt 0:00:04]} 38. Kxg2 {[%emt 0:00:07]} Kf8 {[%emt 0:00:12]} 39. Kg3 {
[%emt 0:01:20]} Ke7 {[%emt 0:01:17]} 40. Ne4 {[%emt 0:00:00]} f6 {[%emt 0:00:
00]} 41. Nc5 {[%emt 0:03:07]} Nb8 {[%emt 0:03:21]} 42. Kf4 {[%emt 0:00:53]} Kf7
{[%emt 0:01:44]} 43. h4 {[%emt 0:00:14]} Ke7 {[%emt 0:00:34]} 44. Ke4 {[%emt 0:
00:10]} Kf7 {[%emt 0:00:34]} 45. Kf4 {[%emt 0:00:12]} Ke7 {[%emt 0:00:12]} 46.
Ke4 {[%emt 0:00:07]} Kf7 {[%emt 0:00:10]} 1/2-1/2

[Event "36th European Club Cup 2021"]
[Site "Struga"]
[Date "2021.09.18"]
[Round "1.41"]
[White "Huzman, Alexander"]
[Black "Zymberi, Astrit"]
[Result "1/2-1/2"]
[WhiteElo "2547"]
[BlackElo "2107"]
[Annotator "ChessBase"]
[PlyCount "52"]
[EventDate "2021.09.18"]
[EventType "team-tourn"]
[EventCountry "MKD"]
[SourceTitle "playchess.com"]
[Source "ChessBase"]
[SourceQuality "1"]
[TimeControl "40/5400+30:1800+30"]

1. Nf3 {[%emt 0:00:08]} d5 {[%emt 0:03:29]} 2. d4 {[%emt 0:01:09]} Nf6 {
[%emt 0:00:10]} 3. c4 {[%emt 0:00:17]} dxc4 {[%emt 0:00:10]} 4. e3 {[%emt 0:00:
22]} Bg4 {[%emt 0:00:25]} 5. Bxc4 {[%emt 0:01:29]} e6 {[%emt 0:03:05]} 6. h3 {
[%emt 0:01:57]} Bh5 {[%emt 0:00:23]} 7. Be2 {[%emt 0:00:38]} Nc6 {[%emt 0:02:
59]} 8. Nbd2 {[%emt 0:06:24]} Bd6 {[%emt 0:05:48]} 9. O-O {[%emt 0:06:34]} O-O
{[%emt 0:02:36]} 10. Nc4 {[%emt 0:01:48]} Qe7 {[%emt 0:05:35]} 11. b3 {[%emt 0:
03:13]} Nd5 {[%emt 0:05:20]} 12. Bb2 {[%emt 0:04:57]} f5 {[%emt 0:01:40]} 13.
Nfe5 {[%emt 0:16:01]} Bxe2 {[%emt 0:09:22]} 14. Nxc6 {[%emt 0:01:52]} bxc6 {
[%emt 0:41:25]} 15. Qxe2 {[%emt 0:00:46]} f4 {[%emt 0:00:11]} 16. exf4 {
[%emt 0:13:10]} Nxf4 {[%emt 0:03:26]} 17. Qe4 {[%emt 0:00:55]} Qh4 {[%emt 0:06:
39]} 18. Rae1 {[%emt 0:00:41]} Rf6 {[%emt 0:01:33]} 19. Nxd6 {[%emt 0:11:16]}
Rg6 {[%emt 0:03:51]} 20. g3 {[%emt 0:09:08]} Rxg3+ {[%emt 0:01:43]} 21. fxg3 {
[%emt 0:00:12]} Qxg3+ {[%emt 0:00:19]} 22. Kh1 {[%emt 0:00:01]} Qxh3+ {[%emt 0:
00:29]} 23. Kg1 {[%emt 0:00:03]} Qg3+ {[%emt 0:00:20]} 24. Kh1 {[%emt 0:00:02]}
Qh3+ {[%emt 0:00:10]} 25. Kg1 {[%emt 0:00:02]} Qg3+ {[%emt 0:00:10]} 26. Kh1 {
[%emt 0:00:02]} Qh3+ {[%emt 0:00:31]} 1/2-1/2

[Event "36th European Club Cup 2021"]
[Site "Struga"]
[Date "2021.09.18"]
[Round "1.42"]
[White "Bahtiri, Sabri"]
[Black "Steinberg, Nitzan"]
[Result "0-1"]
[WhiteElo "2010"]
[BlackElo "2537"]
[Annotator "TA"]
[PlyCount "90"]
[EventDate "2021.09.18"]
[EventType "team-tourn"]
[EventCountry "MKD"]
[SourceTitle "playchess.com"]
[Source "ChessBase"]
[SourceQuality "1"]

{[%evp 15,90,0,14,0,37,0,1,-3,41,-16,-8,-11,-6,-30,0,-32,-30,-44,-42,-34,-35,
-39,-31,-46,-20,-122,-115,-122,-117,-184,-183,-168,-171,-214,-211,-235,-224,
-231,-233,-260,-193,-535,-538,-519,-535,-521,-223,-212,-218,-220,-188,-252,
-237,-266,-267,-354,-354,-347,-338,-425,-426,-449,-434,-504,-500,-645,-461,
-762,-737,-29982,-29983,-29983,-29984,-29984,-29985,-29984,-29985]} 1. e4 {
Ilandzis,Sp} c5 2. Nf3 d6 3. d4 cxd4 4. Nxd4 Nf6 5. Nc3 a6 6. Be2 e6 7. O-O Be7
8. a4 Nc6 9. Be3 {B84: Sicilian Scheveningen: 6 Be2 a6, lines without early
Be3.} Nb4 10. f4 O-O 11. Bf3 {[#] The position is equal.} Qc7 $146 (11... e5 $5
{[%cal Re5d4]} 12. Nb3 Be6 $11) ({Predecessor:} 11... b6 12. Rf2 Bb7 13. f5 e5
14. Nb3 Rc8 15. Rc1 Rxc3 16. bxc3 Na2 17. Ra1 Nxc3 18. Qe1 Nfxe4 19. Bxe4 Nxe4
{1/2-1/2 (40) Kindermann,S (2370)-Ilandzis,S Athens 1979 EXT 2003 [Ilandzis,Sp]
}) 12. Qe2 (12. a5 $14) 12... Re8 $11 13. Nb3 e5 14. Rfd1 Bf8 15. fxe5 dxe5 16.
Qf2 Be6 17. Bb6 Qc6 18. Rac1 Nd7 19. Be3 Rac8 20. Nd5 {Black keeps a firm grip
on the game.} (20. Rd2 $11 {keeps the balance.}) 20... Qxa4 $17 21. Ra1 Qb5 22.
c4 (22. Be2 $17 {is a better defense.} Qc6 23. c4) 22... Qxc4 $19 23. Na5 {[#]}
Qc2 24. Rd2 Bxd5 25. Rxc2 Rxc2 26. Qf1 Be6 {And now ...b6 would win.} 27. Nxb7
Rxb2 28. Rb1 $2 (28. Bd1 {is more resistant.}) 28... Rxb1 29. Qxb1 Rb8 30. Na5
{[#]} Nd5 $1 {[%mdl 512]} 31. Qxb8 Nxb8 32. exd5 Bf5 33. g4 (33. Nb7 $142)
33... Bd3 34. Nc6 Nd7 35. g5 f5 36. gxf6 gxf6 37. Bh5 Be4 38. Be8 Nc5 39. Nb4
a5 {[%cal Ba6a5,Ba5a4,Ba4a3,Ba3a2][%mdl 32]} 40. Nc6 Nb3 41. Bb6 (41. Nb8 $142
Bxd5 42. Nd7) 41... a4 {White must now prevent ...a3.} 42. Bd8 a3 {Black mates.
} 43. Bxf6 Bc5+ 44. Kf1 a2 45. Bxe5 {[#]} Nd4 $1 {[%mdl 576] Promotion. 
Weighted Error Value: White=0.69/Black=0.17} 0-1

[Event "36th European Club Cup 2021"]
[Site "Struga"]
[Date "2021.09.18"]
[Round "1.43"]
[White "Noe, Christopher"]
[Black "Christiansen, Johan-Sebastian"]
[Result "1-0"]
[WhiteElo "2518"]
[BlackElo "2609"]
[Annotator "TA"]
[PlyCount "55"]
[EventDate "2021.09.18"]
[EventType "team-tourn"]
[EventCountry "MKD"]
[SourceTitle "playchess.com"]
[Source "ChessBase"]
[SourceQuality "1"]

{[%evp 13,55,33,39,36,41,31,39,36,47,52,51,40,43,47,163,155,180,160,265,284,
310,319,297,289,314,303,377,311,352,347,598,643,647,597,908,821,1299,1300,1252,
1255,2152,2139,29990,29991]} 1. d4 Nf6 2. c4 g6 3. Nc3 Bg7 4. e4 d6 5. Nge2 O-O
6. Ng3 e5 7. d5 h5 8. Bg5 {E70: King's Indian: Miscellaneous lines with 4 e4,
including 5 Nge2 and 5 Bd3 0-0 6 Nge2.} Qe8 9. Bd3 Nh7 10. Be3 {White is
slightly better.} h4 11. Nge2 f5 12. exf5 gxf5 13. f4 {[#]} h3 $146 ({Black
should play} 13... Na6 $14) ({Predecessor:} 13... Nf6 14. h3 Nh5 15. O-O e4 16.
Bc2 Qg6 17. Bf2 Bf6 18. Qe1 Rf7 19. Kh2 Rg7 20. Rg1 Qh6 21. Bxh4 Nxf4 22. Bxf6
Rg6 23. Nxf4 Qxf4+ 24. g3 Qh6 25. Bh4 {1-0 (25) Pantzar,M (2376)-Muntean,V 
(2020) Uppsala 2019}) 14. gxh3 Qh5 15. Qd2 Qxh3 {[#]} (15... Qh4+ $16 {keeps
fighting.} 16. Bf2 Qxh3) 16. O-O-O $1 $18 {[%cal Ba1d1,Bd1g1,Bg1g3][%mdl 32]}
Nf6 {[#] Black wants to play ...Ng4.} 17. Rdg1 Ng4 18. Rg3 Qh4 19. Rhg1 {
Threatens to win with h3.} Rf7 20. h3 Nxe3 21. Qxe3 ({Not} 21. Rxe3 Kh8 $14)
21... e4 $2 {[#]} (21... Kf8 22. fxe5 dxe5 23. Rxg7 Rxg7) 22. Nd4 $1 Re7 {[#]}
23. Rg5 $1 Qh7 (23... Na6 24. Be2) 24. Be2 Qh6 25. Qg3 Qf6 26. Ncb5 Na6 27. Rg6
Qf8 28. Qh4 {White took control after the opening.  Weighted Error Value:
White=0.02/Black=0.57} 1-0

[Event "36th European Club Cup 2021"]
[Site "Struga"]
[Date "2021.09.18"]
[Round "1.44"]
[White "Urkedal, Frode Olav Olsen"]
[Black "Hammes, Michael"]
[Result "1-0"]
[WhiteElo "2568"]
[BlackElo "2345"]
[Annotator "ChessBase"]
[PlyCount "53"]
[EventDate "2021.09.18"]
[EventType "team-tourn"]
[EventCountry "MKD"]
[SourceTitle "playchess.com"]
[Source "ChessBase"]
[SourceQuality "1"]
[TimeControl "40/5400+30:1800+30"]

1. d4 {[%emt 0:00:04]} e6 {[%emt 0:00:07]} 2. e4 {[%emt 0:00:03]} d5 {[%emt 0:
00:07]} 3. Nc3 {[%emt 0:00:03]} Nf6 {[%emt 0:00:10]} 4. Bg5 {[%emt 0:00:10]}
Bb4 {[%emt 0:00:11]} 5. e5 {[%emt 0:00:05]} h6 {[%emt 0:00:07]} 6. Bd2 {
[%emt 0:00:02]} Bxc3 {[%emt 0:00:12]} 7. bxc3 {[%emt 0:00:04]} Ne4 {[%emt 0:00:
09]} 8. Bc1 {[%emt 0:00:30]} c5 {[%emt 0:05:16]} 9. Ne2 {[%emt 0:02:39]} Nc6 {
[%emt 0:04:29]} 10. f3 {[%emt 0:02:18]} Ng5 {[%emt 0:00:54]} 11. Ng3 {[%emt 0:
04:46]} f5 {[%emt 0:17:43]} 12. h4 {[%emt 0:06:24]} Nh7 {[%emt 0:03:27]} 13.
Nh5 {[%emt 0:00:45]} O-O {[%emt 0:07:25]} 14. Be3 {[%emt 0:03:01]} Qa5 {
[%emt 0:06:51]} 15. Qd2 {[%emt 0:00:15]} cxd4 {[%emt 0:03:17]} 16. cxd4 {
[%emt 0:00:06]} Qxd2+ {[%emt 0:00:12]} 17. Kxd2 {[%emt 0:00:05]} Na5 {[%emt 0:
00:20]} 18. g4 {[%emt 0:03:56]} fxg4 {[%emt 0:02:41]} 19. fxg4 {[%emt 0:00:07]}
Bd7 {[%emt 0:01:05]} 20. Bd3 {[%emt 0:06:37]} Nc4+ {[%emt 0:08:03]} 21. Ke2 {
[%emt 0:00:07]} Rfc8 {[%emt 0:15:19]} 22. g5 {[%emt 0:01:52]} hxg5 {[%emt 0:07:
11]} 23. hxg5 {[%emt 0:00:07]} Nf8 {[%emt 0:00:24]} 24. Nf6+ {[%emt 0:09:41]}
Kf7 {[%emt 0:02:11]} 25. g6+ {[%emt 0:00:11]} Ke7 {[%emt 0:00:07]} 26. Bg5 {
[%emt 0:00:33]} Be8 {[%emt 0:01:47]} 27. Nh7+ {[%emt 0:00:40]} 1-0

[Event "36th European Club Cup 2021"]
[Site "Struga"]
[Date "2021.09.18"]
[Round "1.45"]
[White "Gibicar, Danijel"]
[Black "Haldorsen, Benjamin"]
[Result "0-1"]
[WhiteElo "2271"]
[BlackElo "2465"]
[Annotator "TA"]
[PlyCount "68"]
[EventDate "2021.09.18"]
[EventType "team-tourn"]
[EventCountry "MKD"]
[SourceTitle "playchess.com"]
[Source "ChessBase"]
[SourceQuality "1"]

{[%evp 11,68,39,37,22,39,18,28,19,43,26,26,24,27,27,27,31,65,0,0,0,0,0,0,0,10,
15,9,-1,0,0,0,-52,-50,-72,-66,-64,-68,-68,-58,-66,-57,-61,-64,-52,0,-282,-282,
-451,-423,-1063,-1062,-1048,-1032,-980,-922,-29992,-29993,-29996,-29997]} 1. e4
c5 2. Nf3 d6 3. d4 cxd4 4. Nxd4 Nf6 5. Nc3 Bd7 6. Bg5 e6 7. f3 {B56: Classical
Sicilian: Unusual Lines.} a6 8. Qd2 Be7 9. O-O-O {White has an edge.} b5 10. h4
h6 11. Be3 h5 12. Kb1 {[#]} Qc7 $146 ({Predecessor:} 12... Nc6 13. Nxc6 Bxc6
14. Ne2 Bb7 15. Bg5 Qc7 16. Nd4 Rd8 17. Bd3 g6 18. Qe2 e5 {1/2-1/2 (40)
Kozionov,K (2439)-Gasanov,E (2479) Moscow 2017}) 13. Bg5 Qb7 14. Ka1 ({White
should try} 14. Nce2 $14) 14... Nc6 $11 15. Nxc6 Bxc6 16. Ne2 a5 {[%cal Ba6a5,
Ba5a4,Ba4a3][%mdl 32]} 17. Nd4 Bd7 18. Be2 b4 19. g3 a4 20. c4 bxc3 $1 21. Qxc3
(21. bxc3 $11 O-O 22. c4) 21... O-O $15 22. Rc1 Rfc8 23. Qd3 Rcb8 {[%csl Gb8]
[%cal Rb7b2] [#]} 24. Rc2 a3 {[%cal Ra3b2]} 25. b3 e5 $36 {[%mdl 2048] Black
is pushing.} 26. Nf5 Bxf5 27. exf5 Nd5 (27... e4 $15 28. fxe4 Nxe4) 28. Qe4 $2
{[%mdl 8192] [#]} (28. Bd2 $1 $11) 28... Nb4 $1 $19 {Threatens to win with ...
d5.} 29. Rcc1 (29. Rd2 {is a better defense.} Qc8 30. Qc4) 29... d5 30. Qxe5 (
30. Qe3 $142 f6 31. f4) 30... Bxg5 31. hxg5 Re8 32. Rc7 Qb6 33. Qf4 Rxe2 34. g6
Qf6+ {Weighted Error Value: White=0.62/Black=0.05} 0-1

[Event "36th European Club Cup 2021"]
[Site "Struga"]
[Date "2021.09.18"]
[Round "1.46"]
[White "Ranaldi, Lucas"]
[Black "Sparwel, Oliver"]
[Result "1-0"]
[WhiteElo "2325"]
[BlackElo "2013"]
[Annotator "NA"]
[PlyCount "55"]
[EventDate "2021.09.18"]
[EventType "team-tourn"]
[EventCountry "MKD"]
[SourceTitle "playchess.com"]
[Source "ChessBase"]
[SourceQuality "1"]
[TimeControl "40/5400+30:1800+30"]

1. Nf3 {[%emt 0:00:07]} d6 {[%emt 0:00:34]} 2. d4 {[%emt 0:00:16]} Nf6 {
[%emt 0:00:27]} 3. c4 {[%emt 0:01:44]} Nbd7 {[%emt 0:00:16]} 4. Nc3 {[%emt 0:
00:22]} e5 {[%emt 0:00:11]} 5. Bg5 {[%emt 0:01:03]} Be7 {[%emt 0:00:21]} 6. e3
{[%emt 0:00:18]} O-O {[%emt 0:01:48]} 7. Be2 {[%emt 0:02:04]} c6 {[%emt 0:00:
51]} 8. Qc2 {[%emt 0:01:12]} Re8 {[%emt 0:00:26]} 9. O-O {[%emt 0:01:47]} Qc7 {
[%emt 0:02:01]} 10. h3 {[%emt 0:08:19]} b6 {[%emt 0:01:43]} 11. Rfd1 {[%emt 0:
05:37]} Bb7 {[%emt 0:00:28]} 12. Bh4 {[%emt 0:05:25]} Nf8 {[%emt 0:08:32]} 13.
Bg3 {[%emt 0:10:53]} Ng6 {[%emt 0:00:46]} 14. Rac1 {[%emt 0:03:59]} Bf8 {
[%emt 0:02:39]} 15. b4 {[%emt 0:22:11]} Qe7 {[%emt 0:12:14]} 16. c5 {[%emt 0:
13:16]} dxc5 {[%emt 0:02:00]} 17. dxe5 {[%emt 0:00:04]} Nd7 {[%emt 0:00:34]}
18. Ne4 {[%emt 0:05:26]} Ndxe5 {[%emt 0:02:09]} 19. Nxe5 {[%emt 0:01:05]} Nxe5
{[%emt 0:00:08]} 20. Nd6 {[%emt 0:01:32]} Rab8 {[%emt 0:28:34]} 21. Nxe8 {
[%emt 0:02:22]} Rxe8 {[%emt 0:00:07]} 22. bxc5 {[%emt 0:00:16]} bxc5 {[%emt 0:
01:28]} 23. Qb2 {[%emt 0:02:46]} Bc8 {[%emt 0:02:04]} 24. Bxe5 {[%emt 0:00:53]}
Qxe5 {[%emt 0:04:35]} 25. Qxe5 {[%emt 0:00:08]} Rxe5 {[%emt 0:00:07]} 26. Rd8 {
[%emt 0:00:22]} Be6 {[%emt 0:04:09]} 27. Rb1 {[%emt 0:06:21]} Rd5 {[%emt 0:01:
08]} 28. Ra8 {[%emt 0:00:09]} 1-0

[Event "36th European Club Cup 2021"]
[Site "Struga"]
[Date "2021.09.18"]
[Round "1.47"]
[White "Schwab, Patrick"]
[Black "Hagen, Anders Gjerdrum"]
[Result "0-1"]
[WhiteElo "2113"]
[BlackElo "2179"]
[Annotator "NA"]
[PlyCount "34"]
[EventDate "2021.09.18"]
[EventType "team-tourn"]
[EventCountry "MKD"]
[SourceTitle "playchess.com"]
[Source "ChessBase"]
[SourceQuality "1"]
[TimeControl "40/5400+30:1800+30"]

1. d4 {[%emt 0:00:02]} Nf6 {[%emt 0:00:15]} 2. Nf3 {[%emt 0:00:13]} e6 {
[%emt 0:00:30]} 3. e3 {[%emt 0:01:05]} c5 {[%emt 0:01:42]} 4. c3 {[%emt 0:00:
19]} b6 {[%emt 0:02:06]} 5. Bd3 {[%emt 0:02:30]} Bb7 {[%emt 0:02:20]} 6. Nbd2 {
[%emt 0:05:34]} d5 {[%emt 0:04:44]} 7. Ne5 {[%emt 0:07:02]} Be7 {[%emt 0:20:17]
} 8. Qa4+ {[%emt 0:20:11]} Nfd7 {[%emt 0:09:26]} 9. dxc5 {[%emt 0:06:25]} bxc5
{[%emt 0:09:30]} 10. e4 {[%emt 0:05:19]} O-O {[%emt 0:04:44]} 11. Ndf3 {
[%emt 0:13:08]} c4 {[%emt 0:04:33]} 12. Nxd7 {[%emt 0:08:41]} Nxd7 {[%emt 0:00:
33]} 13. Be2 {[%emt 0:03:03]} Nc5 {[%emt 0:03:25]} 14. Qc2 {[%emt 0:02:05]}
dxe4 {[%emt 0:01:50]} 15. Ne5 {[%emt 0:05:13]} Nd3+ {[%emt 0:02:10]} 16. Bxd3 {
[%emt 0:00:41]} exd3 {[%emt 0:06:26]} 17. Qa4 {[%emt 0:01:09]} Qd5 {[%emt 0:01:
04]} 0-1

[Event "36th European Club Cup 2021"]
[Site "Struga"]
[Date "2021.09.18"]
[Round "1.48"]
[White "Haarr, Jon Kristian"]
[Black "Densing, Gerd"]
[Result "1-0"]
[WhiteElo "2162"]
[BlackElo "1762"]
[Annotator "NA"]
[PlyCount "65"]
[EventDate "2021.09.18"]
[EventType "team-tourn"]
[EventCountry "MKD"]
[SourceTitle "playchess.com"]
[Source "ChessBase"]
[SourceQuality "1"]
[TimeControl "40/5400+30:1800+30"]

1. e4 {[%emt 0:00:03]} e6 {[%emt 0:00:06]} 2. d4 {[%emt 0:00:12]} d5 {[%emt 0:
00:07]} 3. e5 {[%emt 0:00:19]} c5 {[%emt 0:00:08]} 4. c3 {[%emt 0:00:20]} Nc6 {
[%emt 0:03:25]} 5. Nf3 {[%emt 0:01:42]} Bd7 {[%emt 0:00:24]} 6. Be2 {[%emt 0:
05:01]} cxd4 {[%emt 0:00:52]} 7. cxd4 {[%emt 0:00:13]} Bb4+ {[%emt 0:00:33]} 8.
Kf1 {[%emt 0:04:05]} Nge7 {[%emt 0:03:27]} 9. h4 {[%emt 0:01:52]} Qc7 {[%emt 0:
04:16]} 10. h5 {[%emt 0:04:34]} Rc8 {[%emt 0:00:52]} 11. a3 {[%emt 0:18:36]}
Ba5 {[%emt 0:00:11]} 12. b4 {[%emt 0:00:30]} Bb6 {[%emt 0:00:10]} 13. Bb2 {
[%emt 0:00:28]} a6 {[%emt 0:03:08]} 14. Bd3 {[%emt 0:10:21]} Nf5 {[%emt 0:02:
57]} 15. Bxf5 {[%emt 0:02:54]} exf5 {[%emt 0:00:09]} 16. Nc3 {[%emt 0:01:16]}
Ne7 {[%emt 0:01:37]} 17. Rc1 {[%emt 0:01:26]} Qb8 {[%emt 0:06:28]} 18. h6 {
[%emt 0:02:22]} g6 {[%emt 0:02:11]} 19. Qb3 {[%emt 0:07:06]} Be6 {[%emt 0:02:
06]} 20. g3 {[%emt 0:03:29]} O-O {[%emt 0:00:29]} 21. Kg2 {[%emt 0:01:05]} Qa7
{[%emt 0:03:46]} 22. Ne2 {[%emt 0:03:37]} Rc4 {[%emt 0:08:11]} 23. Nd2 {
[%emt 0:02:29]} Rxc1 {[%emt 0:00:18]} 24. Rxc1 {[%emt 0:00:13]} g5 {[%emt 0:00:
07]} 25. Qe3 {[%emt 0:01:25]} f4 {[%emt 0:02:36]} 26. gxf4 {[%emt 0:02:35]} Nf5
{[%emt 0:00:12]} 27. Qd3 {[%emt 0:01:27]} g4 {[%emt 0:04:48]} 28. Rh1 {[%emt 0:
06:49]} Kh8 {[%emt 0:00:34]} 29. Rh5 {[%emt 0:01:15]} Ne7 {[%emt 0:01:58]} 30.
f5 {[%emt 0:00:17]} Bd7 {[%emt 0:00:22]} 31. Ng3 {[%emt 0:01:36]} Bb5 {[%emt 0:
01:05]} 32. Qe3 {[%emt 0:00:33]} Nc6 {[%emt 0:01:34]} 33. Qg5 {[%emt 0:16:50]}
1-0